Die bekanntesten Transferströme zwischen Bremen und St. Pauli - Statistiken

Allgemein
  • Dieses Quiz wurde 27 mal gespielt
  • Das Durchschnittsergebnis liegt bei 4 aus 8
Antwortstatistiken
Saison Abgebender Verein Aufnehmender Verein Position Ablöse in € Spielername % Korrekt
2012/2013 Bremen St. Pauli Thy ablösefrei Thy
92%
2016/2017 St. Pauli Bremen Thy ablösefrei Thy
92%
2009/2010 Bremen St. Pauli Hängende Spitze ablösefrei Kruse
72%
2014/2015 St. Pauli Bremen Rechtsaußen ablösefrei Bartels
68%
2001/2002 St. Pauli Bremen Mittelstürmer ablösefrei Klasnic
40%
2002/2003 Bremen St. Pauli Linker Verteidiger ablösefrei Blank
4%
2001/2012 Bremen St. Pauli Defensives MF 150.000 Schindler
4%
2001/2002 St. Pauli Bremen Rechtes MF 500.000 Wehlage
4%
Keine übereinstimmenden Quizze gefunden
Verteilung der Resultate
Anzahl Personen mit jedem Resultat
Perzentil nach korrekt beantworteten Fragen
Ihre Resultats-Entwicklung
Sie haben dieses Quiz noch nicht gespielt